000 00712cam a2200217 4500
001 ABS62418
008 000000n2000 000 0 eng u
035 _a(Sirsi) u106767
100 _aBingham, T.
245 _aShoes made for walking
260 _c2000
490 _aBuilding
_v265(8140) 9 June 2000, 53(1)
520 _aExamines the implications of the Contracts (Right of Third Parties) Act 1999, which allows a third party beneficiary to sue for breach of contract.
590 _aABS
650 _aCONTRACTS (RIGHTS OF THIRD PARTIES) ACT 1999
650 _aTHIRD PARTY
650 _aPRIVITY OF CONTRACT
650 _aBREACH OF CONTRACT
690 _aBUILDING AND CONSTRUCTION-LAW
942 _n0
999 _c63898
_d63898